Перейти до змісту

Обществознание учебно-методическое пособие

Включает в себя планы семинарских занятий, тематику рефератов, докладов, рекомендации к их выполнению, содержит основу лекционного курса, текстовые материалы и таблицы, а также рекомендованную литературу. Для закрепления изученного материала и самопроверки предлагаются контрольные вопросы и тесты. П...

Повний опис

Збережено в:
Бібліографічні деталі
Автор: Коршунова О. Н.
Інші автори: Иванов А. Ю., Салимгареев М. В.
Формат: Книга
Мова:Russian
Опубліковано: Казань КНИТУ 2017
Онлайн доступ:https://e.lanbook.com/book/138339
https://e.lanbook.com/img/cover/book/138339.jpg
Теги: Додати тег
Немає тегів, Будьте першим, хто поставить тег для цього запису!
LEADER 02088nam0a2200289 i 4500
001 138339
003 RuSpLAN
005 20221220174047.0
008 221220s2017 ru gs 000 0 rus
020 |a 978-5-7882-2177-9 
040 |a RuSpLAN 
041 0 |a rus 
044 |a ru 
080 |a 947 
084 |a 60я73  |2 rubbk 
245 0 0 |a Обществознание  |b учебно-методическое пособие  |c Коршунова О. Н.,Иванов А. Ю.,Салимгареев М. В. 
260 |a Казань  |b КНИТУ  |c 2017 
300 |a 136 с. 
504 |a Библиогр.: доступна в карточке книги, на сайте ЭБС Лань 
520 8 |a Включает в себя планы семинарских занятий, тематику рефератов, докладов, рекомендации к их выполнению, содержит основу лекционного курса, текстовые материалы и таблицы, а также рекомендованную литературу. Для закрепления изученного материала и самопроверки предлагаются контрольные вопросы и тесты. Предназначено для студентов всех направлений СПО КНИТУ для подготовки студентов к семинарским занятиям, а также для организации их самостоятельной работы по дисциплине «Обществознание». Подготовлено на кафедре гуманитарных дисциплин. 
521 8 |a Книга из коллекции КНИТУ - Социально-гуманитарные науки 
100 1 |a Коршунова О. Н. 
700 1 |a Иванов А. Ю. 
700 1 |a Салимгареев М. В. 
856 4 |u https://e.lanbook.com/book/138339 
856 4 8 |u https://e.lanbook.com/img/cover/book/138339.jpg 
953 |a https://e.lanbook.com/img/cover/book/138339.jpg